000 00448nam a2200157 i 4500
001 97394
003 ES-MaACL
005 20230906182108.0
007 t|
008 050712s1965 sp ||||1| spa d
100 1 _aMarco Sancho, Pablo.
_976488
245 1 0 _a120 circuitos eléctricos /
_cpor Pablo Marco Sancho.
260 _aBarcelona :
_bGustavo Gili,
_c1965.
300 _a168 p. con 61 lám. ;
_c15 cm.
852 _aES-MaACL
_jC-28945
_bR.58230
999 _c97394
_d97394